Las empresas públicas en el derecho comparado : (Registro nro. 5608)
[ vista simple ]
| 000 -CABECERA | |
|---|---|
| campo de control de longitud fija | 00776nam a2200181 a 4500 |
| 001 - NÚMERO DE CONTROL | |
| campo de control | 000005812 |
| 005 - FECHA Y HORA DE LA ÚLTIMA TRANSACCIÓN | |
| campo de control | 20200929151808.0 |
| 008 - DATOS DE LONGITUD FIJA--INFORMACIÓN GENERAL | |
| campo de control de longitud fija | 090824s1966 dr 001 0 spa d |
| 040 ## - FUENTE DE LA CATALOGACIÓN | |
| Centro catalogador/agencia de origen | DO-SdBNP |
| Lengua de catalogación | spa |
| Centro/agencia transcriptor | BNPHU |
| 100 1# - ENTRADA PRINCIPAL--NOMBRE DE PERSONA | |
| Nombre de persona | Brewer Carías, Allan-Randolph |
| 9 (RLIN) | 16429 |
| 245 14 - MENCIÓN DE TÍTULO | |
| Título | Las empresas públicas en el derecho comparado : |
| Resto del título | estudios sobre el régimen de las actividades industriales y comerciales del Estado / |
| Mención de responsabilidad, etc. | Allan-Randolph Brewer Carías ; prólogo John N. Hazard. |
| 260 ## - PUBLICACIÓN, DISTRIBUCIÓN, ETC. | |
| Lugar de publicación, distribución, etc. | Caracas : |
| Nombre del editor, distribuidor, etc. | Facultad de Derecho, |
| Fecha de publicación, distribución, etc. | 1966. |
| 300 ## - DESCRIPCIÓN FÍSICA | |
| Extensión | 202 p. ; |
| Dimensiones | 24 cm. |
| 490 1# - MENCIÓN DE SERIE | |
| Mención de serie | Publicaciones de la Facultad de Derecho |
| Designación de volumen o secuencia | 37 |
| 500 ## - NOTA GENERAL | |
| Nota general | Incluye notas al pie de las páginas |
| 700 1# - PUNTO DE ACCESO ADICIONAL--NOMBRE DE PERSONA | |
| Nombre de persona | Hazard., John N. |
| Término indicativo de función/relación | pról. |
| 9 (RLIN) | 16430 |
| 830 #0 - PUNTO DE ACCESO ADICIONAL DE SERIE-TÍTULO UNIFORME | |
| Título uniforme | Publicaciones de la Facultad de Derecho ; |
| Número de parte o sección de la obra | 37 |
| 9 (RLIN) | 16431 |
| Estado de retiro | Estado de pérdida | No para préstamo | Código de colección | Localización permanente | Ubicación/localización actual | Ubicación en estantería | Fecha de adquisición | Número de inventario | Total de préstamos | Signatura topográfica completa | Código de barras | Fecha visto por última vez | Precio válido a partir de | Tipo de ítem Koha |
|---|---|---|---|---|---|---|---|---|---|---|---|---|---|---|
| Excluido de préstamo | Patrimonio Dominicano | Patrimonio Dominicano | Patrimonio Dominicano | En catalogación | 24.08.2009 | LF1 | 5812-10 | 25.06.2020 | 25.06.2020 | Libro y Folleto Colección Patrimonio Dominicano |
